Studio Ghibli Movies Images - Click Quiz - Statistics

General Stats
  • This quiz has been taken 329 times
  • The average score is 13 of 20
Answer Stats
Hint Answer % Correct
Spirited Away
88%
Kiki's Delivery Service
85%
My Neighbor Totoro
83%
Howl's Moving Castle
82%
Ponyo
82%
Princess Mononoke
77%
The Cat Returns
77%
Grave of the Fireflies
73%
The Tale of the Princess Kaguya
71%
Castle in the Sky
68%
My Neighbors the Yamadas
64%
Nausicaä of the Valley of the Wind
63%
When Marnie Was There
63%
The Wind Rises
59%
Pom Poko
57%
The Boy and the Heron
54%
Porco Rosso
52%
Tales from Earthsea
49%
From Up on Poppy Hill
48%
Arrietty
41%
No matching quizzes found
Score Distribution
Percent of People with Each Score
Percentile by Number Answered
Your Score History
You have not taken this quiz